Geography Quiz

Random Geography or City Quiz

Most Violent US Cities Quiz Stats

 Plays Quiz not verified by Sporcle

Challenge
Share
Tweet
Embed
Score 0/15 Timer 02:00
0 Plays Today
Incidents per 100,000 (2010) City % Correct
1,887.4Detroit
91.7%
1747.1St. Louis
75.5%
1107.7Miami
68.5%
1455.8Baltimore
68%
1189.4Philadelphia
65.3%
1296.8Cleveland
63.1%
1241.1Washington
61.8%
1529.6Oakland
59.2%
Incidents per 100,000 (2010) City % Correct
1541.5Memphis
55.7%
1085.6Cincinnati
47.3%
1139.5Kansas City
45.9%
1134.9Nashville
33.8%
1357.5Buffalo
29.6%
1380.9Stockton
15%
1094.0Tulsa
8.8%

You're not logged in!

Compare scores with friends on all Sporcle quizzes.
Join for Free
OR
Log In

You Might Also Like...

Show Comments

Extras

Top Quizzes Today


Score Distribution

Your Account Isn't Verified!

In order to create a playlist on Sporcle, you need to verify the email address you used during registration. Go to your Sporcle Settings to finish the process.

Report this User

Report this user for behavior that violates our Community Guidelines.

Details: